000 00866nab a2200253 u 4500
001 15648
003 HDC
007 cr bn ---aaaaa
008 210218c20150714my dr|nes 0 a may d
040 _aHDC
100 _aSyarifah Dayana Syed Bakri
_eauthor
_97667
245 0 _aSalun rambut Muslimah / oleh
_cSyarifah Dayana Syed Bakri
260 _aKuala Lumpur :
_bThe New Straits Times Press (M) Bhd.,
_c2015
336 _atext
_2rdacontent
337 _acomputer
_2rdamedia
338 _aonline resource
_2rdacarrier
650 _aentrepreneurship
_9209
650 _amuslimah hair salon
_915785
710 _aHarian Metro
856 _zRequest full-text at [email protected]
942 _2lcc
942 _cNEWS
942 _kNWSC 005857
999 _c12964
_d12964